[Event "Koge Xtracon op"]
[Site "Koge"]
[Date "2015.10.12"]
[Round "1"]
[White "Rendlev, Niels Moller"]
[Black "Pedersen, Henrik Dahl"]
[Result "0-1"]
[WhiteElo "1777"]
[BlackElo "2199"]
[PlyCount "42"]
[EventDate "2015.10.12"]
[EventType "swiss"]
[EventRounds "9"]
[EventCountry "DEN"]
[SourceTitle "CBM 168 Extra"]
[Source "ChessBase"]
[SourceDate "2015.10.29"]
[SourceVersion "1"]
[SourceVersionDate "2015.10.29"]
[SourceQuality "1"]

1. g3 d5 2. f4 Nf6 3. d3 c6 4. Nf3 Qb6 5. e3 Bg4 6. Bg2 Nbd7 7. Nc3 e6 8. Bd2 Be7 9. h3 Bxf3 10. Bxf3 0-0 11. Qc1 e5 12. f5 e4 13. dxe4 dxe4 14. Nxe4 Nxe4 15. Bxe4 Rfe8 16. Bd3 Bf6 17. c3 Nc5 18. Qc2 Rad8 19. Bc4 Ne4 20. 0-0-0 Nxd2 21. Rxd2 Qxe3 0-1

[Event "DEN-ch cand"]
[Site "Svendborg"]
[Date "2015.04.03"]
[Round "4"]
[White "Pedersen, Henrik Dahl"]
[Black "Andersen, Rune Egede"]
[Result "1-0"]
[WhiteElo "2219"]
[BlackElo "2169"]
[PlyCount "73"]
[EventDate "2015.03.31"]
[EventType "swiss"]
[EventRounds "7"]
[EventCountry "DEN"]
[SourceTitle "EXT 2018"]
[Source "ChessBase"]
[SourceDate "2017.10.13"]
[SourceVersion "1"]
[SourceVersionDate "2017.10.13"]
[SourceQuality "1"]

1. d4 d5 2. c4 dxc4 3. e4 Nf6 4. e5 Nd5 5. Bxc4 Nb6 6. Bd3 Nc6 7. Be3 Nb4 8. Be4 f5 9. exf6 exf6 10. Ne2 f5 11. Bf3 N4d5 12. Nbc3 Nxe3 13. fxe3 Bd6 14. Qd3 0-0 15. 0-0-0 c6 16. Kb1 Kh8 17. Rhg1 Qg5 18. h4 Qh6 19. e4 Be6 20. e5 Be7 21. g3 Rad8 22. b3 Rd7 23. Nf4 Rfd8 24. Qe3 Bg8 25. Kb2 a5 26. g4 Bxh4 27. gxf5 Bf2 28. Qxf2 Qxf4 29. Qg2 a4 30. e6 Re7 31. Be4 axb3 32. axb3 Nd5 33. Bxd5 cxd5 34. Nxd5 Qd6 35. Nxe7 Qxe7 36. Qg5 Qxg5 37. Rxg5 1-0

[Event "DEN-ch cand"]
[Site "Svendborg"]
[Date "2015.04.02"]
[Round "3"]
[White "Nordenbaek, Jan"]
[Black "Pedersen, Henrik Dahl"]
[Result "1/2-1/2"]
[WhiteElo "2157"]
[BlackElo "2219"]
[PlyCount "93"]
[EventDate "2015.03.31"]
[EventType "swiss"]
[EventRounds "7"]
[EventCountry "DEN"]
[SourceTitle "EXT 2018"]
[Source "ChessBase"]
[SourceDate "2017.10.13"]
[SourceVersion "1"]
[SourceVersionDate "2017.10.13"]
[SourceQuality "1"]

1. e4 c6 2. d4 d5 3. e5 Bf5 4. Nf3 e6 5. Be2 c5 6. Be3 cxd4 7. Nxd4 Ne7 8. c4 dxc4 9. Qa4+ Nbc6 10. Nc3 a6 11. 0-0-0 Qa5 12. Nxf5 Nxf5 13. Qxa5 Nxa5 14. Bb6 Nc6 15. f4 Bb4 16. Bxc4 Ba5 17. Bf2 Rc8 18. Bb3 0-0 19. g4 Nfe7 20. Kb1 Bxc3 21. bxc3 Na5 22. Rd7 Ng6 23. Bg3 Nxb3 24. axb3 Rxc3 25. f5 Rxb3+ 26. Ka2 Rxg3 27. hxg3 Nxe5 28. Rxb7 Nxg4 29. fxe6 fxe6 30. Rc1 Kh8 31. Rcc7 Rg8 32. Re7 e5 33. Ra7 h5 34. Rxa6 Kh7 35. Kb1 Rb8+ 36. Ka2 Rd8 37. Raa7 Kg6 38. Rxg7+ Kf5 39. Rgf7+ Ke4 40. Rh7 Nf6 41. Rhf7 Rd6 42. Ra8 Rb6 43. Rh8 Kf5 44. Rxh5+ Kg6 45. Rxf6+ Rxf6 46. Rxe5 Rf3 47. Kb2 1/2-1/2

[Event "Koge Xtracon op"]
[Site "Koge"]
[Date "2014.10.14"]
[Round "5"]
[White "Karlsson, Ulf"]
[Black "Pedersen, Henrik Dahl"]
[Result "0-1"]
[WhiteElo "2009"]
[BlackElo "2175"]
[PlyCount "84"]
[EventDate "2014.10.11"]
[EventType "swiss"]
[EventRounds "9"]
[EventCountry "DEN"]
[SourceTitle "EXT 2015"]
[Source "ChessBase"]
[SourceDate "2014.11.20"]
[SourceVersion "1"]
[SourceVersionDate "2014.11.20"]
[SourceQuality "1"]

1. e4 c6 2. d4 d5 3. Nc3 dxe4 4. Nxe4 Bf5 5. Ng3 Bg6 6. h4 h6 7. Nf3 Nd7 8. h5 Bh7 9. Bd3 Bxd3 10. Qxd3 Qc7 11. Bd2 Ngf6 12. 0-0-0 e6 13. Ne4 Nxe4 14. Qxe4 Nf6 15. Qe2 0-0-0 16. Kb1 Rd5 17. c4 Rxh5 18. Rxh5 Nxh5 19. d5 Bd6 20. Nd4 Nf6 21. dxc6 bxc6 22. Qf3 Rd8 23. Nxc6 Rd7 24. Be3 Bc5 25. Bxc5 Rxd1+ 26. Qxd1 Qxc6 27. Qd4 Qxg2 28. Bxa7 h5 29. Kc1 Qh1+ 30. Kd2 Ne4+ 31. Ke2 Qg2 32. Bb6 Kb7 33. a4 e5 34. Qd8 Qg4+ 35. f3 Ng3+ 36. Kf2 Nh1+ 37. Kf1 Qxf3+ 38. Kg1 Ka6 39. a5 Ng3 40. Qd5 Ne2+ 41. Kh2 Qg3+ 42. Kh1 Qh3# 0-1